Wild Sketches 2

Guardat en:
Dades bibliogràfiques
Autor principal: Royo, Luis
Format: Llibre
Idioma:anglès
Publicat: Norma Editorial 2006
Etiquetes: Afegir etiqueta
Sense etiquetes, Sigues el primer a etiquetar aquest registre!

MARC

LEADER 00000nam a2200000 4500
005 20250423230905.0
008 250423b |||||||| |||| 00| 0 eng d
020 |a 9788498148251 
040 |c Arcigay Genova 
100 |a Royo, Luis 
245 |a Wild Sketches 2 
260 |c 2006  |b Norma Editorial 
942 |2 ddc  |c BK  |n 0 
952 |0 0  |1 0  |2 ddc  |4 0  |6 741_500000000000000_ROY_WIL  |7 1  |9 3984  |a GE  |b GE  |d 2025-04-23  |l 0  |o 741.5 ROY WIL  |p 1586  |r 2025-04-23 23:13:49  |w 2025-04-23  |y BK 
999 |c 3103  |d 3103